00926nam a2200217 i 4500003000900000005001700009007000300026008004100029040003000070082001600100100003900116245020900155246008700364264005800451300003000509336002700539337003400566338002800600490001700628500006300645DO-SdBNP20230810115128.0ta110627s1991 dr 000 0 spa d aDO-SdBNPbspacBNPHUerda axxxxbP438c aPérez Martínez, Ramónd1948-10aCharla pronunciada por el administrador general de la Corporación Dominicana de Electricidad en la Biblioteca República Dominicana, Ing. Ramón Pérez Martínez /andos :cRamón Pérez Martínez aNotas al vuelo de una charla sobre las condiciones básicas de los triunfadores / 1aSanto Domingo :bOff-set impresora Capellán,c1991. a20 [10] páginasc21 cm. 2rdacontentatextobtxt 2rdamediaasin mediación bn 2rdacarrieravolumenbnc1 aOpusculo RPM aIncluye datos biográficos del autor en la contraportada.